Normal view
MARC view
- ELECTRIC CIRCUIT ANALYSIS, ELECTRIC CIRCUITS- LINEAR
Entry Topical Term
001 - CONTROL NUMBER
- control field: 63511
003 - CONTROL NUMBER IDENTIFIER
- control field: NUST
005 - DATE AND TIME OF LATEST TRANSACTION
- control field: 20210628203130.0
008 - FIXED-LENGTH DATA ELEMENTS
- fixed length control field: 210628|| aca||aabn | a|a d
040 ## - CATALOGING SOURCE
- Original cataloging agency: NUST
- Transcribing agency: NUST
150 ## - HEADING--TOPICAL TERM
- Topical term or geographic name entry element: ELECTRIC CIRCUIT ANALYSIS, ELECTRIC CIRCUITS- LINEAR
670 ## - SOURCE DATA FOUND
- Source citation: Work cat.: (NUST): Decarlo, Raymond .A, Lin, Pen. Min 63510, Linear circuit analysis, time domain, phasor, and laplace transform approaches, 2001
